000 01079cad a22002055a 4500
001 L152629
008 110406s2011 xxk 000 0 eng d
035 _a(Sirsi) u152629
041 0 _aeng
100 1 _aKing, Vivien
245 0 0 _aLevelling out charges
260 _c2011
490 0 _aRICS Commercial Property Journal
_vMarch-April 2011, 16-17(2)
520 _aLooks for answers to the perennial problem of commercial service charges as the revised edition of the "RICS Code of Practice for service charges for commercial property" is readied for publication. Identifies the problems, asks whether these problems are peculiar to the UK market. Looks for potential answers and suggests that maintenance might be the solution.
590 _aKA
651 4 _aUnited Kingdom
_y
690 _aPROPERTY-COMMERCIAL PROPERTY-LEASEHOLD COMMERCIAL PROPERTY-COMMERCIAL LANDLORD AND TENANT-COMMERCIAL SERVICE CHARGES
856 4 0 _uhttps://www.rics.org/site/scripts/documents.aspx?categoryID=316
_z RICS members can view this article free of charge at www.rics.org
942 _n0
999 _c83040
_d83040